000 00332pam a2200157a 44500
008 230515b2007 xxu||||| |||| 00| 0 eng d
020 _aNULL
041 _aENGLISH
082 _a610.73
100 _aP N BCHL
245 _aPRACTICE OF DERMATOLOGY
250 _a0
260 _a
_bC B S
_c2007
300 _a500
650 _aNULL
999 _c526310
_d526310